Interest and prices foundations of a theory of monetary policy
Gespeichert in:
| 1. Verfasser: | |
|---|---|
| Format: | Buch |
| Sprache: | Englisch |
| Veröffentlicht: |
Princeton
Princeton University Press
2003
|
| Schlagworte: | |
| Tags: |
Keine Tags, Fügen Sie das erste Tag hinzu!
|
MARC
| LEADER | 00000nam a2200000 4500 | ||
|---|---|---|---|
| 001 | 0167806 | ||
| 005 | 20240306135235.6 | ||
| 020 | |a 978-0-691-01049-6 | ||
| 020 | |a 0-691-01049-8 | ||
| 041 | 0 | |a eng | |
| 044 | |a US | ||
| 245 | 1 | 0 | |a Interest and prices |b foundations of a theory of monetary policy |c Michael Woodford |
| 264 | 1 | |a Princeton |b Princeton University Press |c 2003 | |
| 300 | |a xv, 785 s. | ||
| 610 | 2 | 0 | |a politika menová |
| 610 | 2 | 0 | |a ceny |
| 610 | 2 | 0 | |a úrok |
| 610 | 2 | 0 | |a inflácia |
| 610 | 2 | 0 | |a modely cenové |
| 100 | 1 | |a Woodford, Michael | |